1377 1289 1196 1028 1308 1378 1201 1244 1340 1792 1587 1730 1597 1158 1674 1957 1219 1895 1743 1733 1383 1810 1767 1681 1532 1864 1478 1932 1762 1630 1002 1487 1832 1637 1305 1626 1480 1272 1489 1354 1426 1139 1812 1980 1160 1009 1196 1384 1878 1603 1390 1871 1664 1116 1096 1172 1689 1427 1382 1074 1016 1705 1579 1240 1110 1639 1071 1370 1652 1888 1958 1270 1371 1147 1104 1295 1305 1332 1089 1341 1416 1700 1489 1222 1556 1890 1169 1159 1858 1293 1528 1081 1589 1718 1987 1877 1039 1890 1646 BCNSPRNW ULIB Ver.6.0+V

เปลี่ยนเป็นภาษาไทย

Change to English
 แสดงรายละเอียดบรรณานุกรม
  กลับหน้าหลัก

Brief Record : Get Marc (ISO 2709) : E-mail record : QR code < ปิดหน้าต่าง
LEADER : 00000nam 2200000uu 4500
001    13399112521
003     ULIB
008    110819s2550||||th 000 0 tha d
020    9747195518
050 04 LB2369^bม161ก 2551
100 0  มนสิช สิทธิสมบูรณ์
245 10 ชุดฝึกปฏิบัติการเหนือตำรา :^bการทำวิจัยในชั้นเรียน /^cมนสิช สิทธิสมบูรณ์
250    พิมพ์ครั้งที่ 3
260    พิษณุโลก :^bคณะศึกษาศาสตร์ มหาวิทยาลัยนเรศวร,^c2550
300    69 หน้า ;^c30 ซม
650  7 วิจัยเชิงปฏิบัติการ
650  7 ขั้นเรียน^xวิจัย
945    ^p143^l0^i027085
945    ^p143^l0^i027086
995    ทศพร
999 ^a ทศพร
รายการนี้ยังไม่มีแท็ก
คุณยังไม่ได้ล็อกอิน คุณสามารถมีกิจกรรมร่วมกับเว็บไซต์ได้ แต่ต้องล็อกอินก่อน ::
  ล็อกอิน

รายการสื่อสารสนเทศ

ลำดับที่ ประเภท เลขเรียก/บาร์โค้ด สถานที่ สถานะ
- ไม่พบข้อมูล -

รายการใกล้เคียง
    ผู้แต่ง [มนสิช สิทธิสมบูรณ์]

    หัวเรื่อง [วิจัยเชิงปฏิบัติการ]

BibComment


ยังไม่เคยถูกคอมเมนท์

คอมเมนท์ทรัพยากรรายการนี้
  คอมเมนท์: ชุดฝึกปฏิบัติการเ..


 Copyright 2026. Bcnsprnw @Library